| 000 | 00551nam a2200217Ia 4500 | ||
|---|---|---|---|
| 003 | GCL | ||
| 008 | 140319s9999 xx 000 0 ara d | ||
| 040 |
_aGCL / _cGCL |
||
| 082 | 0 | 4 |
_a812 _bس هـ |
| 100 | 1 | _aخليل شوقى | |
| 245 | 1 | 0 |
_aغموض / _cخليل شوقى |
| 700 | 1 | _aسامى سوكة | |
| 700 | 1 | _aمحمد مصطفى سامى | |
| 300 | _a144 ص | ||
| 490 | _a | ||
| 650 | 0 | 4 | _aالعصر الحديث |
| 650 | 0 | 4 | _aالادب |
| 650 | 0 | 4 | _aالمسرح |
| 650 | 0 | 4 | _aالمسرحيات العربية |
| 942 |
_2ddc _cBK |
||
| 999 |
_c40501 _d40501 |
||